<?xml version="1.0" encoding="UTF-8"?>
<record
    xmlns:xsi="http://www.w3.org/2001/XMLSchema-instance"
    xsi:schemaLocation="http://www.loc.gov/MARC21/slim http://www.loc.gov/standards/marcxml/schema/MARC21slim.xsd"
    xmlns="http://www.loc.gov/MARC21/slim">

  <leader>01027nam a22001937a 4500</leader>
  <controlfield tag="005">20250102122851.0</controlfield>
  <datafield tag="010" ind1=" " ind2=" ">
    <subfield code="a">HIN-128992</subfield>
  </datafield>
  <datafield tag="020" ind1=" " ind2=" ">
    <subfield code="a">9788180310997</subfield>
    <subfield code="c">495.00</subfield>
  </datafield>
  <datafield tag="035" ind1=" " ind2=" ">
    <subfield code="a">HN-101338</subfield>
  </datafield>
  <datafield tag="037" ind1=" " ind2=" ">
    <subfield code="b">DBAD </subfield>
  </datafield>
  <datafield tag="082" ind1=" " ind2=" ">
    <subfield code="a">821</subfield>
  </datafield>
  <datafield tag="100" ind1=" " ind2=" ">
    <subfield code="a">&#x928;&#x93F;&#x930;&#x93E;&#x932;&#x93E;, &#x938;&#x942;&#x930;&#x94D;&#x92F;&#x915;&#x93E;&#x902;&#x924; &#x924;&#x94D;&#x930;&#x93F;&#x92A;&#x93E;&#x920;&#x940; </subfield>
    <subfield code="9">75697</subfield>
  </datafield>
  <datafield tag="245" ind1=" " ind2=" ">
    <subfield code="a">&#x930;&#x93E;&#x917;-&#x935;&#x93F;&#x930;&#x93E;&#x917;/</subfield>
    <subfield code="c">&#x938;&#x942;&#x930;&#x94D;&#x92F;&#x915;&#x93E;&#x902;&#x924; &#x924;&#x94D;&#x930;&#x93F;&#x92A;&#x93E;&#x920;&#x940; &#x928;&#x93F;&#x930;&#x93E;&#x932;&#x93E;; &#x930;&#x93E;&#x92E;&#x935;&#x93F;&#x932;&#x93E;&#x938; &#x936;&#x930;&#x94D;&#x92E;&#x93E; &#x926;&#x94D;&#x935;&#x93E;&#x930;&#x93E; &#x938;&#x902;&#x92A;&#x93E;&#x926;&#x93F;&#x924; </subfield>
  </datafield>
  <datafield tag="260" ind1=" " ind2=" ">
    <subfield code="a">&#x92A;&#x94D;&#x930;&#x92F;&#x93E;&#x917;&#x930;&#x93E;&#x91C;</subfield>
    <subfield code="b">&#x932;&#x94B;&#x915;&#x92D;&#x93E;&#x930;&#x924;&#x940; &#x92A;&#x94D;&#x930;&#x915;&#x93E;&#x936;&#x928;</subfield>
    <subfield code="c">2021</subfield>
  </datafield>
  <datafield tag="270" ind1=" " ind2=" ">
    <subfield code="a">&#x92A;&#x939;&#x932;&#x940; &#x92E;&#x902;&#x91C;&#x93F;&#x932;, &#x926;&#x930;&#x92C;&#x93E;&#x930;&#x940; &#x92C;&#x93F;&#x932;&#x94D;&#x921;&#x93F;&#x902;&#x917;, &#x92E;&#x939;&#x93E;&#x924;&#x94D;&#x92E;&#x93E; &#x917;&#x93E;&#x901;&#x927;&#x940; &#x92E;&#x93E;&#x930;&#x94D;&#x917;</subfield>
    <subfield code="b">&#x92A;&#x94D;&#x930;&#x92F;&#x93E;&#x917;&#x930;&#x93E;&#x91C;</subfield>
    <subfield code="e">211001</subfield>
    <subfield code="m">info@lokbhartiprakashan.com</subfield>
  </datafield>
  <datafield tag="300" ind1=" " ind2=" ">
    <subfield code="a">200 &#x92A;&#x943;.</subfield>
    <subfield code="c">22 &#x938;&#x947;&#x92E;&#x940; (&#x938;&#x91C;&#x93F;&#x932;&#x94D;&#x926;)</subfield>
  </datafield>
  <datafield tag="700" ind1=" " ind2=" ">
    <subfield code="a">&#x936;&#x930;&#x94D;&#x92E;&#x93E;, &#x930;&#x93E;&#x92E;&#x935;&#x93F;&#x932;&#x93E;&#x938; </subfield>
    <subfield code="9">75655</subfield>
  </datafield>
  <datafield tag="942" ind1=" " ind2=" ">
    <subfield code="2">ddc</subfield>
    <subfield code="c">HN</subfield>
    <subfield code="h">821</subfield>
    <subfield code="m">&#x928;&#x93F;&#x930;&#x93E;&#x932;&#x93E;</subfield>
  </datafield>
  <datafield tag="999" ind1=" " ind2=" ">
    <subfield code="c">207951</subfield>
    <subfield code="d">207951</subfield>
  </datafield>
  <datafield tag="952" ind1=" " ind2=" ">
    <subfield code="0">0</subfield>
    <subfield code="1">0</subfield>
    <subfield code="4">0</subfield>
    <subfield code="7">0</subfield>
    <subfield code="8">NFIC</subfield>
    <subfield code="a">L</subfield>
    <subfield code="b">L</subfield>
    <subfield code="d">2025-01-01</subfield>
    <subfield code="e">DBAD</subfield>
    <subfield code="g">495.00</subfield>
    <subfield code="l">1</subfield>
    <subfield code="o">821 &#x928;&#x93F;&#x930;&#x93E;&#x932;&#x93E; </subfield>
    <subfield code="p">HN-101338</subfield>
    <subfield code="r">2025-03-20 00:00:00</subfield>
    <subfield code="s">2025-03-10</subfield>
    <subfield code="t">1</subfield>
    <subfield code="v">495.00</subfield>
    <subfield code="w">2025-01-01</subfield>
    <subfield code="y">HN</subfield>
  </datafield>
</record>
